Animals Of Africa Quiz - Statistics

General Stats
  • This quiz has been taken 152 times
  • The average score is 15 of 20
Answer Stats
Hint Answer % Correct
Largest land animal Elephant
98%
Largest cats Lion
98%
Tallest animal in the world Giraffe
92%
Striped horse Zebra
92%
Leopard
90%
Largest primates Gorilla
88%
Has a big horn Rhinoceros
88%
Cheetah
86%
Largest reptile Nile Crocodile
80%
Warthog
80%
Chimpanzee
78%
Extinct bird once found on Mauritius Dodo
75%
Timon and Pumba from Lion King Meerkat
75%
Scavenging birds on the savannah Vulture
73%
Variants include the striped and spotted Hyena
70%
Fastest snake in Africa Black Mamba
62%
Bonobo
47%
Looks like a hybrid between answer 10 and 13 Okapi
43%
Largest Antelope Eland
39%
Largest frog in Africa (and the world) Goliath Frog
28%
No matching quizzes found
Score Distribution
Percent of People with Each Score
Percentile by Number Answered
Your Score History
You have not taken this quiz